000 00553nam a22001817a 4500
999 _c1904
_d1904
003 SLTCLib
008 260114b ce ||||| |||| 00| 0 eng d
020 _a9558086118
041 _aSinhala
082 _a005.54
_bWIJ
100 _aWjerathne, N. P.
_93409
242 _aMicrosoft Word Piyawaren Piyawara
245 _aමයික්‍රෝසොෆ්ට් වර්ඩ් පියවරෙන් පියවර
260 _aKotadeniya
_bAshirwada Prakashana
_c2003
300 _a213p.
650 0 _92070
_aComputer science
942 _2ddc
_cMLN
945 _a3725
_bIshara wickramage
_c3725
_dIshara wickramage